| 000 | 01234cam a2200289 a 4500 | ||
|---|---|---|---|
| 999 |
_c52 _d52 |
||
| 001 | 3022707 | ||
| 003 | OSt | ||
| 005 | 20190724140707.0 | ||
| 008 | 940524s1994 cau j 000 1 eng | ||
| 010 | _a 94163197 | ||
| 020 | _a9780152000981 | ||
| 040 |
_aDLC _cDLC _dKH8 |
||
| 042 | _alcac | ||
| 082 | 0 | 0 |
_aFIC GAR _220 |
| 100 | 1 |
_aGarland, Sherry. _eauthor |
|
| 245 | 1 | 0 |
_aSong of the buffalo boy / _cSherry Garland. |
| 260 |
_aSan Diego : _bHarcourt Brace Jovanovich, _c1994. |
||
| 300 |
_a282 p. ; _c18 cm. |
||
| 520 | _aShunned and mistreated because of her mixed heritage, and determined to avoid an arranged marriage, seventeen-year-old Loi runs away to Ho Chi Minh City with the hope that she and the boy she loves will be able to go to the United States to find her American father. | ||
| 650 | 1 |
_aAmerasians _xFiction. |
|
| 651 | 1 |
_aVietnam _xFiction. |
|
| 856 | 4 | 2 |
_3Publisher description _uhttp://www.loc.gov/catdir/description/har041/94163197.html |
| 856 | 4 | 2 |
_3Contributor biographical information _uhttp://www.loc.gov/catdir/enhancements/fy0904/94163197-b.html |
| 906 |
_a7 _bcbc _corignew _d2 _encip _f19 _gy-gencatlg |
||
| 942 |
_2ddc _cFIC |
||